Super Bowl Winners and Losers - Statistics

General Stats
  • This quiz has been taken 54 times
  • The average score is 60 of 118
Answer Stats
Hint Winner/Loser % Correct
Chiefs
100%
2024 Eagles
100%
49ers
94%
Bengals
94%
2023 Chiefs
94%
2022 Chiefs
94%
Eagles
94%
2021 Rams
94%
2020 Buccaneers
88%
Chiefs
88%
2019 Chiefs
85%
49ers
82%
2015 Broncos
79%
2017 Eagles
79%
2018 Patriots
79%
2016 Patriots
79%
Patriots
79%
Falcons
76%
Panthers
76%
2014 Patriots
76%
Rams
76%
49ers
74%
Broncos
74%
2012 Ravens
74%
2013 Seahawks
74%
Seahawks
74%
Colts
71%
2010 Packers
71%
2008 Steelers
71%
Steelers
71%
Cardinals
68%
2011 Giants
68%
2007 Giants
68%
Patriots
68%
Patriots
68%
2009 Saints
68%
Bears
65%
2006 Colts
65%
2001 Patriots
65%
2004 Patriots
62%
2003 Patriots
62%
2002 Buccaneers
59%
2000 Ravens
59%
Raiders
56%
2005 Steelers
56%
Panthers
53%
Rams
53%
1985 Bears
50%
Bills
50%
Bills
50%
Eagles
50%
Seahawks
50%
Bills
47%
Bills
47%
1998 Broncos
47%
1993 Cowboys
47%
1992 Cowboys
47%
1996 Packers
47%
1999 Rams
47%
1989 49ers
44%
1988 49ers
44%
1997 Broncos
44%
Giants
44%
Packers
44%
Titans
44%
1994 49ers
41%
1984 49ers
41%
1995 Cowboys
41%
1968 Jets
41%
1967 Packers
41%
1966 Packers
41%
Patriots
41%
1991 Redskins
41%
Falcons
38%
1990 Giants
38%
Patriots
38%
1987 Redskins
38%
Chargers
35%
1972 Dolphins
35%
1986 Giants
35%
1979 Steelers
35%
Steelers
35%
Bengals
32%
1969 Chiefs
32%
Chiefs
32%
1973 Dolphins
32%
1983 Raiders
32%
1982 Redskins
32%
1978 Steelers
32%
1975 Steelers
32%
1974 Steelers
32%
1981 49ers
29%
Broncos
29%
1970 Colts
29%
Colts
29%
1971 Cowboys
29%
Cowboys
29%
1980 Raiders
29%
1976 Raiders
29%
Redskins
29%
1977 Cowboys
26%
Cowboys
26%
Cowboys
26%
Raiders
26%
Vikings
26%
Vikings
26%
Broncos
24%
Dolphins
24%
Broncos
21%
Dolphins
21%
Redskins
21%
Vikings
21%
Vikings
21%
Bengals
18%
Broncos
18%
Dolphins
18%
Eagles
18%
Rams
18%
No matching quizzes found
Score Distribution
Percent of People with Each Score
Percentile by Number Answered
Your Score History
You have not taken this quiz